000 00413nam a2200157Ia 4500
008 160316s1979 xxu||||| |||| 00| 0 eng d
082 _a341.470000
_bJAS-II
100 _aJasentuliyana Nandasiri
245 _aManual on space law.Vol.II
250 _a
260 _aNew York
_bOceana Publications
_c1979
300 _a550
_b
_c
365 _b
650 _a1.International Law - Space Law
700 _aLee Roy S K
_a
999 _c9376
_d9376